000 01013nam a2200301 4500
003 EG-GICUC
005 20260126163613.0
008 260126s1967 fr ||||fr|||| 001 0 fre d
040 _aEG-GiCUC
_bfre
_cEG-GiCUC
_dEG-GiCUC
_eRda
041 _afre
082 0 4 _221
_a341.851
_bCH . A
092 0 4 _221
099 _aLaw1 12 341.851 CH . A 1967
100 1 _aChapal, Philippe
_eAuteur
245 1 3 _aL'arbitrabilité Des Différends Internationaux /
_cPhilippe Chapal; Préface De M. J. Charpentier.
264 1 _aParis :
_bÉditions A. Pedone,
_c1967.
300 _a294 page,
_c 24 cm.
336 _2rda contenu
_a texte
337 _2rda medias
_aOrdinateur
338 _2 transporteur rda
_a Ressource en ligne
504 _aComprend des références bibliographiques.
546 _aTexte en français
650 1 _aDroit international privé
700 1 _aCharpentier, M. J
_ePréfacier
856 4 0 _uhttps://fll.law.cu.edu.eg/fulltext/bks/B12-01762.pdf
905 _a48
942 _2ddc
_n0
_cBK
_e21
999 _c59492
_d59492